000 00729nam a2200229 i 4500
001 bg
100 1 _aDuliniec, Elżbieta
_d(1948- ).
245 1 0 _aMarketing międzynarodowy /
_cElżbieta Duliniec.
260 _aWarszawa :
_bPolskie Wydawnictwo Ekonomiczne,
_c2004.
300 _a299, [1] s. :
_bwykr. ;
_c24 cm.
504 _aBibliogr. - Indeks.
650 9 _aMarketing międzynarodowy
655 _aPodręczniki akademickie
020 _a8320815185
040 _cBPK
041 0 _apol
080 _a339.9:339.138](075.8)
920 _a83-208-1518-5
942 _cKS
008 s pl f |000 0 pol
999 _c52236
_d52236
856 _uhttp://koha.tu.koszalin.pl/cgi-bin/koha/opac-detail.pl?biblionumber=52236
_yKatalog online BPK